Mega Book of Modern English Grammar (Record no. 18251)

MARC details
000 -LEADER
fixed length control field 00374nam a22001457a 4500
003 - CONTROL NUMBER IDENTIFIER
control field OSt
005 - DATE AND TIME OF LATEST TRANSACTION
control field 20211115142306.0
008 - FIXED-LENGTH DATA ELEMENTS--GENERAL INFORMATION
fixed length control field 211115b |||||||| |||| 00| 0 eng d
040 ## - CATALOGING SOURCE
Transcribing agency HU
082 ## - DEWEY DECIMAL CLASSIFICATION NUMBER
Classification number 425
245 ## - TITLE STATEMENT
Title Mega Book of Modern English Grammar
260 ## - PUBLICATION, DISTRIBUTION, ETC.
Place of publication, distribution, etc. Ethiopia
Name of publisher, distributor, etc. Meca Publishing & Distribution
Date of publication, distribution, etc. 2015
300 ## - PHYSICAL DESCRIPTION
Extent 5+, 382 p
Other physical details pc
Dimensions 22 cm
942 ## - ADDED ENTRY ELEMENTS (KOHA)
Source of classification or shelving scheme Dewey Decimal Classification
Koha item type Books like text book referance book
Suppress in OPAC No
Holdings
Withdrawn status Lost status Source of classification or shelving scheme Damaged status Not for loan Collection code Home library Current library Shelving location Date acquired Total Checkouts Full call number Barcode Date last seen Copy number Price effective from Koha item type
    Dewey Decimal Classification     Reference Wondo Genet Library Wondo Genet Library General Stacks 11/15/2021   425 MEG 2015 WGCFNRL00006626 11/15/2021 1 11/15/2021 Books like text book referance book
    Dewey Decimal Classification     Reference Wondo Genet Library Wondo Genet Library General Stacks 11/15/2021   425 MEG 2015 WGCFNRL00006627 11/15/2021 2 11/15/2021 Books like text book referance book